Service charges in commercial property (Northern Ireland edition) (Record no. 115006)

MARC details
000 -LEADER
fixed length control field 01317cad a22002655a 4500
001 - CONTROL NUMBER
control field L157869
008 - FIXED-LENGTH DATA ELEMENTS--GENERAL INFORMATION
fixed length control field 071204e20080117xxk f 000 0 eng d
020 ## - INTERNATIONAL STANDARD BOOK NUMBER
International Standard Book Number 9781842193723
035 ## - SYSTEM CONTROL NUMBER
System control number (Sirsi) u157869
041 0# - LANGUAGE CODE
Language code of text/sound track or separate title eng
050 04 - LIBRARY OF CONGRESS CALL NUMBER
Classification number 346.4104342 $2 18
110 2# - MAIN ENTRY--CORPORATE NAME
Corporate name or jurisdiction name as entry element Royal Institution of Chartered Surveyors
9 (RLIN) 4900
245 00 - TITLE STATEMENT
Title Service charges in commercial property (Northern Ireland edition)
Remainder of title RICS code of practice
260 ## - PUBLICATION, DISTRIBUTION, ETC.
Place of publication, distribution, etc. London
Name of publisher, distributor, etc. RICS
Date of publication, distribution, etc. 2008
490 #0 - SERIES STATEMENT
Series statement RICS Code of Practice
490 #0 - SERIES STATEMENT
Series statement RICS Guidance Note
505 2# - FORMATTED CONTENTS NOTE
Formatted contents note Terminology used in the code -- Introduction -- The code -- Technical support -- Appendices
520 ## - SUMMARY, ETC.
Summary, etc. The code for surveyors practising in Northern Ireland sets out best practice for commercial service charges. Aims to remove service charges as an area of conflict, delivering a budgetable and forecastable part of occupiers' overheads, ensure service charges that are "not for profit, not for loss", and encourage transparency and communication.
521 2# - TARGET AUDIENCE NOTE
Target audience note Advanced
590 ## - LOCAL NOTE (RLIN)
Local note KA
651 #4 - SUBJECT ADDED ENTRY--GEOGRAPHIC NAME
Geographic name Northern Ireland
Chronological subdivision 2007-
690 ## - LOCAL SUBJECT ADDED ENTRY--TOPICAL TERM (OCLC, RLIN)
Topical term or geographic name as entry element PROPERTY-COMMERCIAL PROPERTY-COMMERCIAL PROPERTY MANAGEMENT
856 40 - ELECTRONIC LOCATION AND ACCESS
Uniform Resource Identifier <a href="https://www.isurv.com/downloads/download/192/service_charges_in_commercial_property">https://www.isurv.com/downloads/download/192/service_charges_in_commercial_property</a>
Public note Archived on isurv (subscription required)
942 ## - ADDED ENTRY ELEMENTS (KOHA)
Suppress in OPAC 0
Source of classification or shelving scheme Dewey Decimal Classification
Holdings
Withdrawn status Lost status Source of classification or shelving scheme Damaged status Not for loan Home library Current library Shelving location Date acquired Total Checkouts Full call number Barcode Date last seen Copy number Price effective from Koha item type Public note
    Dewey Decimal Classification     London London Archive copy 20/06/2013   RICS 2008/74 30075216 06/08/2019 1 06/08/2019 Archive  
    Dewey Decimal Classification     London London RICS Boxes 20/06/2013   RICS 2008/74 30075217 06/08/2019 2 06/08/2019 Book  
    Dewey Decimal Classification     London London RICS Boxes 20/06/2013   RICS 2008/74 30075218 06/08/2019 3 06/08/2019 Book  
          Virtual Virtual Online 18/09/2024   isurv   18/09/2024 4 18/09/2024 Online material Archived on isurv (subscription required)